000 004700000a22001810004500
003 MACL
005 20150712124132.0
008 150712b xxu||||| |||| 00| 0 eng d
040 _aMACL
_cMACL
041 _aEnglish
082 _a320/SIN
100 _aSinha, V.M.
_91863
245 _aThe Indian Politico-Administrative System
_bSome Perspective
260 _bRBSA Publishers
_c1984
_aJaipur
350 _a125
650 _aPolitical Science
_988
942 _cBK
_k320
_2ddc
999 _c6236
_d6236